<?xml version="1.0" encoding="UTF-8"?>
<record
    xmlns:xsi="http://www.w3.org/2001/XMLSchema-instance"
    xsi:schemaLocation="http://www.loc.gov/MARC21/slim http://www.loc.gov/standards/marcxml/schema/MARC21slim.xsd"
    xmlns="http://www.loc.gov/MARC21/slim">

  <leader>00801nab a2200217uuc4500</leader>
  <controlfield tag="001">1086041</controlfield>
  <controlfield tag="005">20240831091914.0</controlfield>
  <controlfield tag="007">co|||||||</controlfield>
  <controlfield tag="008">080617s2008                        spa  </controlfield>
  <datafield tag="035" ind1=" " ind2=" ">
    <subfield code="a">1086041</subfield>
  </datafield>
  <datafield tag="040" ind1=" " ind2=" ">
    <subfield code="c">comduadb</subfield>
  </datafield>
  <datafield tag="041" ind1=" " ind2=" ">
    <subfield code="a">spa</subfield>
  </datafield>
  <datafield tag="100" ind1="1" ind2="0">
    <subfield code="a">Bueno L&#xF3;pez, Maximiliano</subfield>
    <subfield code="4">aut</subfield>
    <subfield code="e">aut</subfield>
    <subfield code="9">460336</subfield>
  </datafield>
  <datafield tag="245" ind1="1" ind2="0">
    <subfield code="a">Implementaci&#xF3;n de esquemas de navegaci&#xF3;n para robots m&#xF3;viles utilizando t&#xE9;cnicas de inteligencia artificial</subfield>
  </datafield>
  <datafield tag="650" ind1=" " ind2=" ">
    <subfield code="a">Rob&#xF3;tica m&#xF3;vil</subfield>
    <subfield code="9">166466</subfield>
  </datafield>
  <datafield tag="650" ind1=" " ind2="7">
    <subfield code="a">Inteligencia artificial</subfield>
    <subfield code="2">lemb</subfield>
    <subfield code="9">39084</subfield>
  </datafield>
  <datafield tag="700" ind1="1" ind2="0">
    <subfield code="a">R&#xED;os Gonz&#xE1;lez, Luis Hernando</subfield>
    <subfield code="4">aut</subfield>
    <subfield code="e">aut</subfield>
    <subfield code="9">460337</subfield>
  </datafield>
  <datafield tag="700" ind1="1" ind2="0">
    <subfield code="a">S&#xE1;nchez Acevedo, Santiago</subfield>
    <subfield code="4">aut</subfield>
    <subfield code="e">aut</subfield>
    <subfield code="9">556455</subfield>
  </datafield>
  <datafield tag="773" ind1="0" ind2=" ">
    <subfield code="t">Memorias: ENIP 2008 encuentro nacional de investigaci&#xF3;n en posgrados</subfield>
    <subfield code="w">1083196</subfield>
    <subfield code="z">9789587190090</subfield>
    <subfield code="0">463281</subfield>
  </datafield>
  <datafield tag="942" ind1=" " ind2=" ">
    <subfield code="c">ARIMP</subfield>
    <subfield code="n">0</subfield>
  </datafield>
  <datafield tag="999" ind1=" " ind2=" ">
    <subfield code="c">460178</subfield>
    <subfield code="d">460178</subfield>
  </datafield>
</record>
